01157nkm a2200265 i 45000010005000000030009000050050017000140070006000310080041000371000024000782450093001022600029001953000039002245000035002635110097002985180151003956100064005467000033006107000028006437000025006717000020006967100056007168520026007728560093007983387ES-MaACL20250713062657.0khrbo051019s1984 sp --- g |001||spa d0 aAlfonso,d1902-199010aTécnica de traslado de una pintura mural a lienzo [hFotografía] /cAlfonso (sello). a[S.l. : bs.n.], c1984. a5 fot. : bb. y n. ; c12 x 18 cm. aDatos basados en invitación.0 aIntervienen: Agustín Méndez, Juan García Yúdez, Francisco Trujillo, Ángel Hebrero. aActo organizado por la Sección de Arte del Ateneo de Madrid, celebrado en la sala de conferencias el jueves, 28 de junio de 1984, a las 20:00 h.24aAteneo de Madrid-xActos culturales-y1984-vFotografías.1 aMéndez Manzano, Agustín.1 aGarcía Yúdez, Juan.1 aTrujillo, Francisco.1 aHebrero, Angel.2 aAteneo de Madrid. bSección de Artes Plásticas. aES-MaACLjFOT 94/19844 uhttp://www.ateneodemadrid.net/biblioteca_digital/imagenes/1984/0094-1984.jpgzVer imagen